000 00651nam a2200181 i 4500
001 92242
003 ES-MaACL
005 20230906180927.0
007 t|
008 050223s1985 sp ||||1| spa d
245 0 0 _aLibro-homenaje al Profesor Dr. Manuel Vallecillo Avila /
_cCoordina Manuel Capel Margarito.
260 _aGranada :
_bUniversidad. Escuela Universitaria de Formación del Profesorado de E.G.B.,
_c1985.
300 _a440 p. :
_b53 lám, il. ;
_c25 cm.
700 1 _aVallecillo Avila, Manuel.
_9112824
700 1 _aCapel Margarito, Manuel.
_934813
710 2 _aUniversidad de Granada.
_97176
852 _aES-MaACL
_jL-10569
_bR.112011
999 _c92242
_d92242